African Flag Maps Quiz Stats

Quiz Updated Mar 12, 2017

Also try: Oceanian Flag Maps
Challenge
Share
Tweet
Score 0/54 Timer 16:00
0 Plays Today
% Correct
Somalia
93.6%
South Africa
90.3%
Tunisia
85.3%
Kenya
84.7%
Egypt
83.7%
Algeria
82%
Mozambique
81.4%
Nigeria
79.3%
Liberia
78.4%
Seychelles
77.8%
Côte d'Ivoire
77.5%
Morocco
75.6%
Senegal
75.4%
Libya
74.4%
Uganda
74.1%
Ghana
74%
Sudan
73.7%
Zimbabwe
73.4%
Chad
73.3%
Ethiopia
73.1%
Eritrea
72.8%
Angola
72.5%
Swaziland
72.3%
The Gambia
71.4%
Benin
71.2%
Madagascar
71%
Democratic Republic of the Congo
70.9%
% Correct
Namibia
70.7%
Mali
70.5%
Tanzania
70.2%
Comoros
69.1%
Togo
69.1%
Niger
69.1%
Zambia
69%
Cameroon
68.3%
Gabon
68.1%
Central African Republic
68%
Mauritania
67.9%
Lesotho
66.1%
Guinea-Bissau
65.5%
Malawi
64.5%
São Tomé and Príncipe
64.3%
Cabo Verde
64.3%
Mauritius
64.1%
Botswana
63.9%
Burundi
62.8%
Rwanda
61.6%
Burkina Faso
61.1%
Djibouti
60.1%
Guinea
60%
Equatorial Guinea
59.8%
South Sudan
59.2%
Republic of the Congo
57.9%
Sierra Leone
57.7%

You're not logged in!

Compare scores with friends on all Sporcle quizzes.
Sign Up with Email
OR
Log In

You Might Also Like...

Show Comments

Extras

Top Quizzes Today


Score Distribution

Your Account Isn't Verified!

In order to create a playlist on Sporcle, you need to verify the email address you used during registration. Go to your Sporcle Settings to finish the process.